00584nam a22002057a 45000010005000000030009000050050017000140070005000310080036000360200016000720400022000880820021001101000028001312450044001592600032002033000020002355000073002556500024003286500026003520074DO-SdBNP20171116101847.00074151112b1996 xx | |||| 00| 0 spa d a18877691030 aBPMSUbspacBPMSU 4aRD861.44bV468c 10aVentura, Miriam,d1957-10aClaves para fantasmas /cMiriam Ventura aNew York :bAlcance,c1996. a90 p. :c22 cm. 3Incluye referencias bibliográficas y notas al pie de las páginas aPOESÍA DOMINICANA aLITERATURA DOMINICANA